| 000 | 00429nam a2200157 i 4500 | ||
|---|---|---|---|
| 001 | 44888 | ||
| 003 | ES-MaACL | ||
| 005 | 20230906161120.0 | ||
| 007 | t| | ||
| 008 | 030324s1925 xxu ||||1| eng d | ||
| 100 | 1 |
_aClark, John Maurice. _939039 |
|
| 245 | 1 | 0 |
_aSocial control of business / _cJohn Maurice Clark. |
| 260 |
_aChicago : _bThe University, _c[1925] |
||
| 300 |
_aXVIII, 483 p. ; _c21 cm. |
||
| 852 |
_aES-MaACL _jF-2456 |
||
| 999 |
_c44888 _d44888 |
||